[Event "1.Bundesliga Frauen 2019/20"]
[Site "Linz, Volkshaus Bindermichl"]
[Date "2019.10.12"]
[Round "2"]
[Board "2"]
[White "Gueci, Tea"]
[Black "Cvitan, Ena"]
[Result "1/2-1/2"]
[WhiteElo "2228"]
[BlackElo "2276"]
[PlyCount "77"]
[EventDate "2019.10.11"]
[EventType "team"]
[EventRounds "9"]
[EventCountry "AUT"]
[WhiteTeam "Schach ohne Grenzen"]
[BlackTeam "ASVOE Wulkaprodersdorf"]

1. e4 c6 2. d4 d5 3. e5 Bf5 4. h4 h6 5. g4 Bd7 6. h5 c5 7. dxc5 e6 8. Be3 Qc7
9. f4 Bxc5 10. Bxc5 Qxc5 11. Qd2 Nc6 12. Nf3 O-O-O 13. Nc3 Kb8 14. O-O-O Rc8
15. Kb1 Na5 16. Nd4 a6 17. Rh3 Ne7 18. Nb3 Nxb3 19. cxb3 Rc7 20. a3 Rhc8 21.
Ka2 a5 22. Qd3 Ka8 23. Rh2 Qa7 24. Rhd2 Rc5 25. Qh7 Nc6 26. Kb1 Nb8 27. Qxg7
Qb6 28. Ka2 Rxc3 29. bxc3 Rxc3 30. Rb2 a4 31. bxa4 Qc5 32. Bb5 Qxa3+ 33. Kb1
Bxb5 34. axb5 Rb3 35. Rdd2 Rxb2+ 36. Rxb2 Qd3+ 37. Kc1 Qf1+ 38. Kc2 Qe2+ 39.
Kc1  1/2-1/2

[Event "1.Bundesliga Frauen 2019/20"]
[Site "Linz, Volkshaus Bindermichl"]
[Date "2019.10.12"]
[Round "2"]
[Board "3"]
[White "Vujnovic, Patricija"]
[Black "Wunderl, Eva"]
[Result "1-0"]
[WhiteElo "2103"]
[BlackElo "1898"]
[PlyCount "75"]
[EventDate "2019.10.11"]
[EventType "team"]
[EventRounds "9"]
[EventCountry "AUT"]
[WhiteTeam "ASVOE Wulkaprodersdorf"]
[BlackTeam "Schach ohne Grenzen"]

1. d4 d5 2. c4 e6 3. Nc3 Be7 4. Nf3 Nf6 5. Bf4 O-O 6. e3 b6 7. Bd3 Bb7 8. cxd5
exd5 9. Qc2 Nbd7 10. O-O c5 11. Ne5 Rc8 12. Nxd7 Qxd7 13. Bf5 Qc6 14. Bxc8 Qxc8
15. Rfd1 Nh5 16. Be5 f6 17. Bg3 Nxg3 18. hxg3 c4 19. b3 Bd6 20. bxc4 dxc4 21.
d5 Re8 22. a4 Qd7 23. Rab1 Qg4 24. Rd4 Qd7 25. Rxc4 Bc5 26. Rd1 f5 27. g4 g6
28. gxf5 gxf5 29. Rf4 Re5 30. Qd3 Bc8 31. Rf3 Kh8 32. Qc4 Qg7 33. Rg3 Qf7 34.
Ne2 Bd7 35. Nf4 Bd6 36. Qd4 Qe7 37. Nd3 Be8 38. f4  1-0

[Event "1.Bundesliga Frauen 2019/20"]
[Site "Linz, Volkshaus Bindermichl"]
[Date "2019.10.12"]
[Round "2"]
[Board "4"]
[White "Anker, Christin"]
[Black "Moerwald, Magdalena"]
[Result "1-0"]
[WhiteElo "1843"]
[BlackElo "1791"]
[PlyCount "83"]
[EventDate "2019.10.11"]
[EventType "team"]
[EventRounds "9"]
[EventCountry "AUT"]
[WhiteTeam "Schach ohne Grenzen"]
[BlackTeam "ASVOE Wulkaprodersdorf"]

1. e4 c6 2. d4 d5 3. e5 Bf5 4. Nf3 h6 5. Be2 e6 6. O-O c5 7. c4 dxc4 8. Bxc4
Nc6 9. dxc5 Bxc5 10. Nc3 a6 11. Qe2 Qc7 12. Rd1 Nge7 13. Ne4 Bxe4 14. Qxe4 Na5
15. Bd3 Nac6 16. Bd2 Qb6 17. Be1 Ng6 18. b4 Be7 19. Qg4 h5 20. Qg3 h4 21. Qg4
Rh6 22. Bd2 Ncxe5 23. Nxe5 Nxe5 24. Qxg7 Rh5 25. Be2 Bf8 26. Qg8 Rf5 27. Be3
Qxb4 28. Rab1 Qe7 29. Bh6 Ng6 30. Bf3 Rb8 31. Bd2 Rb5 32. Rbc1 Qf6 33. Bc3 Qg5
34. Bg7 Rd8 35. Be4 Rxd1+ 36. Rxd1 h3 37. g3 Qe7 38. Bxg6 fxg6 39. Bxf8 Qxf8
40. Rd8+ Kxd8 41. Qxf8+ Kd7 42. Qg7+  1-0

[Event "1.Bundesliga Frauen 2019/20"]
[Site "Linz, Volkshaus Bindermichl"]
[Date "2019.10.12"]
[Round "2"]
[Board "1"]
[White "Rozman, Monika"]
[Black "Theissl-Pokorna, Regina"]
[Result "1/2-1/2"]
[WhiteElo "2136"]
[BlackElo "2296"]
[PlyCount "104"]
[EventDate "2019.10.11"]
[EventType "team"]
[EventRounds "9"]
[EventCountry "AUT"]
[WhiteTeam "SV Kaerntner Stub'n Rapid Feffernitz"]
[BlackTeam "ASVOE Pamhagen 1"]

1. e4 e5 2. Nf3 Nc6 3. Bc4 Nf6 4. d3 Be7 5. O-O d6 6. a4 O-O 7. Re1 Na5 8. Ba2
c5 9. Bg5 Nc6 10. Bxf6 Bxf6 11. h3 g6 12. Nc3 Bg7 13. Nd2 Kh8 14. Nc4 f5 15.
Nb5 Rf6 16. Qd2 a6 17. Nc3 Be6 18. Nd5 Bxd5 19. exd5 Ne7 20. b4 cxb4 21. Qxb4
Nxd5 22. Qxb7 Nc3 23. Qb3 Nxa2 24. Qxa2 f4 25. Rab1 f3 26. Nb6 Rb8 27. Nd5 Rxb1
28. Rxb1 Rf8 29. Qc4 fxg2 30. Rb6 Qd7 31. Qg4 Qf7 32. Qxg2 e4 33. dxe4 Bd4 34.
Rxd6 Bxf2+ 35. Kh1 Qg7 36. c3 Qh6 37. e5 Bh4 38. Nf6 Qc1+ 39. Qg1 Qxc3 40. Qa7
Qxh3+ 41. Kg1 Qg3+ 42. Kh1 Bxf6 43. exf6 Qf3+ 44. Kg1 Qg4+ 45. Kh1 Qh4+ 46. Kg1
Qg5+ 47. Kh1 Qh6+ 48. Kg1 Qg5+ 49. Kh1 Qh4+ 50. Kg2 Qg4+ 51. Kh1 Qf3+ 52. Kg1
Qg4+  1/2-1/2

[Event "1.Bundesliga Frauen 2019/20"]
[Site "Linz, Volkshaus Bindermichl"]
[Date "2019.10.12"]
[Round "2"]
[Board "2"]
[White "Worek, Joanna"]
[Black "Hercog, Nusa"]
[Result "1-0"]
[WhiteElo "2326"]
[BlackElo "2042"]
[PlyCount "77"]
[EventDate "2019.10.11"]
[EventType "team"]
[EventRounds "9"]
[EventCountry "AUT"]
[WhiteTeam "ASVOE Pamhagen 1"]
[BlackTeam "SV Kaerntner Stub'n Rapid Feffernitz"]

1. e4 c6 2. d4 d5 3. e5 Bf5 4. h4 h5 5. Bd3 Bxd3 6. Qxd3 Qa5+ 7. Nd2 e6 8. Ne2
Nd7 9. O-O Ne7 10. c4 Nf5 11. Nf3 Qa6 12. b3 Nb6 13. Bd2 dxc4 14. Qe4 Be7 15.
Ng3 g6 16. Nxf5 gxf5 17. Qe2 Qb5 18. a4 Qxb3 19. a5 Nd5 20. Rfb1 Nc3 21. Bxc3
Qxc3 22. Ra4 Rb8 23. Rxc4 Qxa5 24. Rxc6 Kd7 25. Rc2 Qd5 26. Rb5 Qe4 27. Qd1 a6
28. Rb6 Rhc8 29. Rcb2 Kd8 30. Qd2 Kd7 31. Ng5 Bxg5 32. Rd6+ Ke8 33. Qxg5 Qg4
34. Qf6 Rc1+ 35. Kh2 Rcc8 36. d5 Rc4 37. g3 Qg8 38. Rxb7 Rbc8 39. Qe7#  1-0

[Event "1.Bundesliga Frauen 2019/20"]
[Site "Linz, Volkshaus Bindermichl"]
[Date "2019.10.12"]
[Round "2"]
[Board "3"]
[White "Tscharnuter, Alexandra"]
[Black "Boric, Elena"]
[Result "1/2-1/2"]
[WhiteElo "1759"]
[BlackElo "2179"]
[PlyCount "100"]
[EventDate "2019.10.11"]
[EventType "team"]
[EventRounds "9"]
[EventCountry "AUT"]
[WhiteTeam "SV Kaerntner Stub'n Rapid Feffernitz"]
[BlackTeam "ASVOE Pamhagen 1"]

1. e4 e6 2. d4 d5 3. e5 c5 4. c3 Nc6 5. Nf3 Qb6 6. a3 f6 7. exf6 Nxf6 8. b4
cxd4 9. cxd4 Bd6 10. Be3 Qc7 11. Nbd2 O-O 12. Be2 Bd7 13. O-O a6 14. Rc1 Ng4
15. h3 Nxe3 16. fxe3 Qd8 17. Qe1 Qe7 18. Qh4 Qxh4 19. Nxh4 e5 20. dxe5 Nxe5 21.
Nhf3 Nxf3+ 22. Bxf3 Be6 23. Nb3 Be5 24. Nc5 Bf7 25. Nd7 Rfe8 26. Nxe5 Rxe5 27.
Rfe1 Rae8 28. Kf2 b6 29. Re2 Bg6 30. Rd1 Be4 31. Bxe4 dxe4 32. Red2 Kf7 33. Rd6
R5e6 34. Kg3 R8e7 35. Kf4 Kf6 36. h4 h6 37. h5 Rf7 38. Rxe6+ Kxe6+ 39. Kxe4 Rf2
40. g4 Rg2 41. Kf4 Rf2+ 42. Ke4 Rg2 43. Kf3 Ra2 44. Rd3 a5 45. Ke4 axb4 46.
axb4 Rg2 47. Kf4 Rf2+ 48. Ke4 Rg2 49. Kf4 Rf2+ 50. Ke4 Rg2  1/2-1/2

[Event "1.Bundesliga Frauen 2019/20"]
[Site "Linz, Volkshaus Bindermichl"]
[Date "2019.10.12"]
[Round "2"]
[Board "4"]
[White "Horvath, Maria"]
[Black "Zeber, Katja"]
[Result "1-0"]
[WhiteElo "1993"]
[BlackElo "1618"]
[PlyCount "65"]
[EventDate "2019.10.11"]
[EventType "team"]
[EventRounds "9"]
[EventCountry "AUT"]
[WhiteTeam "ASVOE Pamhagen 1"]
[BlackTeam "SV Kaerntner Stub'n Rapid Feffernitz"]

1. d4 Nf6 2. c4 e5 3. dxe5 Ng4 4. Nh3 Nxe5 5. e3 Nbc6 6. Nf4 d6 7. Nc3 Bf5 8.
Nfd5 Ne7 9. Be2 c6 10. Nf4 N7g6 11. Nh5 Qh4 12. Ng3 Be6 13. b3 Be7 14. Qc2 O-O
15. Nf5 Qg5 16. Nxe7+ Nxe7 17. g3 Qf6 18. f4 Ng4 19. h3 Qh6 20. e4 f5 21. Bxg4
fxg4 22. f5 Qf6 23. hxg4 Bd7 24. Bd2 Rad8 25. O-O-O c5 26. g5 Qf7 27. Bf4 Bc6
28. Bxd6 Rfe8 29. Qh2 Bd7 30. Qxh7+ Kf8 31. f6 gxf6 32. Qh8+ Qg8 33. Qxf6+  1-0

[Event "1.Bundesliga Frauen 2019/20"]
[Site "Linz, Volkshaus Bindermichl"]
[Date "2019.10.12"]
[Round "2"]
[Board "1"]
[White "Mader, Manuela"]
[Black "Unuk, Laura"]
[Result "1-0"]
[WhiteElo "2206"]
[BlackElo "2379"]
[PlyCount "97"]
[EventDate "2019.10.11"]
[EventType "team"]
[EventRounds "9"]
[EventCountry "AUT"]
[WhiteTeam "SK DolomitenBank Lienz"]
[BlackTeam "SK Advisory Invest Baden"]

1. e4 {[%emt 0:00:00]} c6 {[%emt 0:00:00]} 2. d4 d5 3. exd5 cxd5 4. c4 Nf6 5.
Nc3 Nc6 6. Nf3 Bg4 7. cxd5 Nxd5 8. Qb3 Nb6 9. d5 Bxf3 10. gxf3 Nd4 11. Bb5+ Nd7
12. Qa4 Nxf3+ 13. Kf1 Nfe5 14. Qd4 a6 15. Qxe5 axb5 16. Qe2 Nf6 17. Bf4 Rc8 18.
Rd1 Rc4 19. Bg3 Qd7 20. a4 h5 21. h4 Qg4 22. Nxb5 Ne4 23. b3 Nxg3+ 24. fxg3 Re4
25. Qxg4 hxg4 26. Rc1 Rh5 27. Rh2 f6 28. Re2 Rf5+ 29. Ke1 Rfe5 30. Rxe4 Rxe4+
31. Kf2 Kd8 32. Nc7 e5 33. Ne6+ Ke7 34. Rc8 Rb4 35. Rxf8 Rxb3 36. Rb8 f5 37.
Nc5 Rf3+ 38. Kg2 Kd6 39. Nxb7+ Kc7 40. d6+ Kxb8 41. d7 Kxb7 42. d8=Q e4 43. a5
e3 44. Qb6+ Kc8 45. a6 Rf2+ 46. Kg1 Rf3 47. a7 Rxg3+ 48. Kf1 Rf3+ 49. Ke1  1-0

[Event "1.Bundesliga Frauen 2019/20"]
[Site "Linz, Volkshaus Bindermichl"]
[Date "2019.10.12"]
[Round "2"]
[Board "2"]
[White "Trippold, Denise"]
[Black "Frey, Alisa"]
[Result "1/2-1/2"]
[WhiteElo "2158"]
[BlackElo "2087"]
[PlyCount "196"]
[EventDate "2019.10.11"]
[EventType "team"]
[EventRounds "9"]
[EventCountry "AUT"]
[WhiteTeam "SK Advisory Invest Baden"]
[BlackTeam "SK DolomitenBank Lienz"]

1. c4 Nf6 2. g3 e5 3. Bg2 Be7 4. Nc3 O-O 5. Nf3 d6 6. O-O c6 7. d4 Qc7 8. d5
Bg4 9. h3 Bxf3 10. Bxf3 c5 11. e4 h6 12. Be3 a6 13. Bg2 Nbd7 14. Qe2 Rab8 15.
a4 b6 16. Rae1 Qd8 17. f4 Nh7 18. f5 Bg5 19. Bf2 Rb7 20. h4 Be7 21. Be3 Nhf6
22. Bf3 Re8 23. Kg2 Kh8 24. Rh1 Nh7 25. Qf2 Bf8 26. Qe2 Be7 27. Ref1 Ndf6 28.
g4 Ng8 29. g5 f6 30. Bh5 a5 31. Rfg1 Rf8 32. g6 Qd7 33. gxh7 Kxh7 34. Kf1 Bd8
35. Qg2 Bc7 36. Rh3 Bb8 37. Rg3 Rc8 38. Rg6 Qe7 39. b3 Qf8 40. Ne2 Ba7 41. Bf3
Rcc7 42. Qg4 Rf7 43. Ng3 Rbc7 44. Nh5 Rb7 45. Qg2 Rbc7 46. Qd2 Rb7 47. Bd1 Rbc7
48. Ng3 Rb7 49. Ne2 Rfd7 50. Nc3 Bb8 51. Nb5 Rf7 52. Bh5 Rfd7 53. Qf2 Re7 54.
Kg2 Red7 55. Kh3 Bc7 56. R6g2 Bd8 57. Qg3 Bc7 58. Kh2 Kh8 59. Kh3 Kh7 60. Qf2
Kh8 61. Qd2 Kh7 62. Ra1 Bd8 63. Qf2 Kh8 64. Qg1 Kh7 65. Raa2 Kh8 66. Rg3 Kh7
67. Rag2 Kh8 68. Kh2 Kh7 69. Qf2 Kh8 70. Rg1 Kh7 71. Qg2 Kh8 72. Kh3 Kh7 73.
Be8 Qxe8 74. Nxd6 Qf8 75. Nxb7 Rxb7 76. Rg6 Rd7 77. d6 Rf7 78. Qd2 Rd7 79. Qd5
Kh8 80. Qd2 Kh7 81. h5 Kh8 82. R1g3 Rxd6 83. Rxg7 Rxd2 84. Rxg8+ Qxg8 85. Rxg8+
Kxg8 86. Bxd2 Kg7 87. Kg3 Be7 88. Kf3 Bf8 89. Ke2 Kf7 90. Kd3 Ke7 91. Be3 Kd6
92. Kc2 Kc6 93. Bf2 Kc7 94. Bh4 Bg7 95. Kc3 Kc6 96. Kd3 Kd6 97. Bf2 Bf8 98. Be3
Kc6  1/2-1/2

[Event "1.Bundesliga Frauen 2019/20"]
[Site "Linz, Volkshaus Bindermichl"]
[Date "2019.10.12"]
[Round "2"]
[Board "3"]
[White "Landl, Margot"]
[Black "Vidic, Teja"]
[Result "0-1"]
[WhiteElo "2012"]
[BlackElo "2242"]
[PlyCount "86"]
[EventDate "2019.10.11"]
[EventType "team"]
[EventRounds "9"]
[EventCountry "AUT"]
[WhiteTeam "SK DolomitenBank Lienz"]
[BlackTeam "SK Advisory Invest Baden"]

1. e4 c6 2. d4 d5 3. Nc3 dxe4 4. Nxe4 Nf6 5. Nxf6+ exf6 6. Nf3 Bd6 7. Bd3 O-O
8. Be3 Qb6 9. Qc1 Qa5+ 10. Qd2 Qh5 11. O-O-O Be6 12. Kb1 b5 13. Be4 Bd5 14. g4
Qxg4 15. Bxd5 cxd5 16. Qe2 g6 17. Bh6 Rc8 18. Rde1 Nc6 19. Qe3 Ne7 20. Qd3 Qh5
21. Bd2 Rc4 22. Re2 Rac8 23. c3 a5 24. Rhe1 R4c7 25. Ng1 b4 26. Re3 Kg7 27. Rh3
Qf5 28. Qxf5 Nxf5 29. Nf3 bxc3 30. Bxc3 Bb4 31. Bxb4 axb4 32. Rf1 Rc2 33. Nh4
Nxd4 34. Rd3 Ne2 35. Rdd1 d4 36. Nf3 d3 37. Nd2 f5 38. Nb3 Rd8 39. Rxd3 Rxb2+
40. Kxb2 Rxd3 41. Nc1 Rd2+ 42. Kb3 Nxc1+ 43. Rxc1 Rxf2  0-1

[Event "1.Bundesliga Frauen 2019/20"]
[Site "Linz, Volkshaus Bindermichl"]
[Date "2019.10.12"]
[Round "2"]
[Board "4"]
[White "Mar, Karmen"]
[Black "Wilfling, Sandra"]
[Result "1-0"]
[WhiteElo "2084"]
[BlackElo "1827"]
[PlyCount "79"]
[EventDate "2019.10.11"]
[EventType "team"]
[EventRounds "9"]
[EventCountry "AUT"]
[WhiteTeam "SK Advisory Invest Baden"]
[BlackTeam "SK DolomitenBank Lienz"]

1. e4 c5 2. Nf3 d6 3. d4 cxd4 4. Qxd4 Nc6 5. Bb5 Bd7 6. Bxc6 Bxc6 7. Nc3 e6 8.
Bg5 Qc7 9. O-O-O f6 10. Be3 a6 11. Qc4 Qf7 12. Rhe1 Be7 13. Qd3 h5 14. Nd4 Bd7
15. f4 f5 16. exf5 exf5 17. Bf2 O-O-O 18. Nb3 Bc6 19. Na5 Bxg2 20. Rg1 Be4 21.
Nxe4 fxe4 22. Qc3+ Kb8 23. Qd4 Bf6 24. Qa7+ Kc8 25. Qa8+ Kd7 26. Qxb7+ Ke8 27.
Qxe4+ Kf8 28. Nb3 d5 29. Qa4 Rh6 30. Kb1 Be7 31. Nc5 Nf6 32. f5 Ng4 33. Ne6+
Rxe6 34. fxe6 Qxe6 35. Rde1 Qh6 36. Bg3 Bf6 37. h3 Ne5 38. Bxe5 Bxe5 39. Rxe5
Qb6 40. Rf1+  1-0

[Event "1.Bundesliga Frauen 2019/20"]
[Site "Linz, Volkshaus Bindermichl"]
[Date "2019.10.12"]
[Round "2"]
[Board "1"]
[White "Novkovic, Julia"]
[Black "Ragger, Anna-Christina"]
[Result "1-0"]
[WhiteElo "2170"]
[BlackElo "2203"]
[PlyCount "69"]
[EventDate "2019.10.11"]
[EventType "team"]
[EventRounds "9"]
[EventCountry "AUT"]
[WhiteTeam "SK Dornbirn"]
[BlackTeam "SV Grafik-Druck Knapp St.Veit/Glan"]

1. e4 c6 2. d4 d5 3. exd5 cxd5 4. Bd3 Nc6 5. c3 Nf6 6. Bf4 Bg4 7. Qb3 Qc8 8.
Nd2 e6 9. Ngf3 Be7 10. O-O Bh5 11. Ne5 Nxe5 12. Bxe5 O-O 13. Bxf6 Bxf6 14. f4
Qc6 15. Rae1 Bg6 16. Bxg6 fxg6 17. Nf3 b5 18. Re3 a5 19. Rfe1 a4 20. Qd1 a3 21.
b3 Ra6 22. Qd3 Re8 23. h4 Rb6 24. h5 gxh5 25. f5 Qc8 26. Qe2 Re7 27. fxe6 g6
28. Kh1 Qc7 29. Qd3 Qf4 30. Rf1 Qd6 31. c4 bxc4 32. bxc4 dxc4 33. Qxc4 Rxe6 34.
Rfe1 Qc6 35. Qxe6+  1-0

[Event "1.Bundesliga Frauen 2019/20"]
[Site "Linz, Volkshaus Bindermichl"]
[Date "2019.10.12"]
[Round "2"]
[Board "2"]
[White "Kejzar, Petra"]
[Black "Motycakova, Monika"]
[Result "1/2-1/2"]
[WhiteElo "2057"]
[BlackElo "2126"]
[PlyCount "74"]
[EventDate "2019.10.11"]
[EventType "team"]
[EventRounds "9"]
[EventCountry "AUT"]
[WhiteTeam "SV Grafik-Druck Knapp St.Veit/Glan"]
[BlackTeam "SK Dornbirn"]

1. c4 e5 2. Nc3 Nf6 3. Nf3 Nc6 4. e3 Bb4 5. Qc2 Bxc3 6. Qxc3 Qe7 7. d4 Ne4 8.
Qd3 exd4 9. Nxd4 O-O 10. Be2 Qb4+ 11. Bd2 Qxb2 12. Rb1 Qxd2+ 13. Qxd2 Nxd2 14.
Kxd2 Nxd4 15. exd4 Re8 16. Bf3 Rb8 17. Rb5 b6 18. h4 d6 19. Bc6 Re7 20. Rb3 Bd7
21. Bxd7 Rxd7 22. Re1 Kf8 23. Ra3 a5 24. Rae3 d5 25. Kc3 Rbd8 26. Re5 dxc4 27.
R1e4 f6 28. Re6 Rd6 29. Kxc4 Rxe6 30. Rxe6 Kf7 31. d5 Rd7 32. h5 g6 33. hxg6+
hxg6 34. Rc6 Ke7 35. Re6+ Kf7 36. Rc6 Ke7 37. Re6+ Kf7  1/2-1/2

[Event "1.Bundesliga Frauen 2019/20"]
[Site "Linz, Volkshaus Bindermichl"]
[Date "2019.10.12"]
[Round "2"]
[Board "3"]
[White "Kurapova, Olga"]
[Black "Tarmastin, Laura"]
[Result "1-0"]
[WhiteElo "1935"]
[BlackElo "1903"]
[PlyCount "79"]
[EventDate "2019.10.11"]
[EventType "team"]
[EventRounds "9"]
[EventCountry "AUT"]
[WhiteTeam "SK Dornbirn"]
[BlackTeam "SV Grafik-Druck Knapp St.Veit/Glan"]

1. d4 Nf6 2. c4 d5 3. Nc3 g6 4. cxd5 Nxd5 5. e4 Nb6 6. Be3 Bg7 7. Nf3 O-O 8.
Be2 c6 9. Qc2 a5 10. Bh6 Be6 11. Bxg7 Kxg7 12. d5 cxd5 13. Rd1 Na6 14. exd5 Bd7
15. h4 h5 16. Ne5 f6 17. Nxd7 Qxd7 18. g4 hxg4 19. Qe4 Qd6 20. Bxg4 Qb4 21. Rg1
Rh8 22. Bf5 Rxh4 23. Rxg6+ Kf7 24. Qe3 Nc7 25. Qg3 Rah8 26. Rg7+ Kf8 27. Qg6
Rh1+ 28. Ke2 Qxb2+ 29. Rd2 Qxd2+ 30. Kxd2 Nc4+ 31. Ke2 Ne5 32. Qg3 Ne8 33. Rg4
Nxg4 34. Bxg4 Nd6 35. Qe3 R8h4 36. Be6 Rh5 37. Qb6 Re5+ 38. Kd3 Rh4 39. Qd8+
Ne8 40. Bd7  1-0

[Event "1.Bundesliga Frauen 2019/20"]
[Site "Linz, Volkshaus Bindermichl"]
[Date "2019.10.12"]
[Round "2"]
[Board "4"]
[White "Krassnitzer, Maria"]
[Black "Stepanyan, Viktorya"]
[Result "1-0"]
[WhiteElo "1666"]
[BlackElo "1296"]
[PlyCount "93"]
[EventDate "2019.10.11"]
[EventType "team"]
[EventRounds "9"]
[EventCountry "AUT"]
[WhiteTeam "SV Grafik-Druck Knapp St.Veit/Glan"]
[BlackTeam "SK Dornbirn"]

1. e4 e5 2. Nf3 Nc6 3. Bc4 Nf6 4. Nc3 Bb4 5. d3 Bxc3+ 6. bxc3 d6 7. O-O Na5 8.
Bb3 Nxb3 9. cxb3 c5 10. Bg5 O-O 11. h3 h6 12. Bh4 Qe7 13. Re1 Re8 14. d4 b6 15.
d5 Bd7 16. Nd2 b5 17. c4 b4 18. a3 a5 19. axb4 axb4 20. Qc2 Ra3 21. Rxa3 bxa3
22. Ra1 Ra8 23. Nb1 Qd8 24. Rxa3 Rxa3 25. Nxa3 Qa5 26. Bxf6 gxf6 27. Qb2 Qe1+
28. Kh2 Qxe4 29. Qd2 Qd4 30. Qxd4 exd4 31. Kg1 Bf5 32. Kf1 Be4 33. g3 Kg7 34.
Ke1 Kg6 35. Kd2 f5 36. Nb5 d3 37. Nxd6 Kf6 38. Nb7 Ke5 39. Nxc5 Kd6 40. Nxd3
Bxd3 41. Kxd3 Kc5 42. b4+ Kxb4 43. d6 Kc5 44. d7 Kb4 45. d8=Q Kb3 46. Qb6+ Ka4
47. Kc3  1-0

[Event "1.Bundesliga Frauen 2019/20"]
[Site "Linz, Volkshaus Bindermichl"]
[Date "2019.10.12"]
[Round "2"]
[Board "1"]
[White "Schnegg, Anna-Lena"]
[Black "Richterova, Natasa"]
[Result "1/2-1/2"]
[WhiteElo "2223"]
[BlackElo "2216"]
[PlyCount "148"]
[EventDate "2019.10.11"]
[EventType "team"]
[EventRounds "9"]
[EventCountry "AUT"]
[WhiteTeam "Mayrhofen/SK Zell/Zillertal"]
[BlackTeam "SpG Steyr"]

1. c4 e5 2. Nc3 Nf6 3. g3 Bb4 4. Bg2 Bxc3 5. bxc3 d6 6. e4 Be6 7. d3 h6 8. Ne2
Nc6 9. h3 Nd7 10. f4 exf4 11. Nxf4 Qg5 12. Nh5 Qg6 13. O-O O-O 14. Kh2 Ne7 15.
Qe2 Ne5 16. Nf4 Qh7 17. Ba3 N5g6 18. c5 dxc5 19. Nxe6 fxe6 20. Qg4 e5 21. Bxc5
Kh8 22. Rxf8+ Rxf8 23. Qd7 Rf7 24. Qxc7 b6 25. Bd6 Qg8 26. Qxa7 Nc8 27. Qb8 Qe8
28. Bb4 Qc6 29. d4 exd4 30. Rd1 Kh7 31. Rxd4 Rb7 32. Qa8 Qc7 33. Qa6 Nh4 34.
Rc4 Qb8 35. Rxc8 Qxc8 36. gxh4 Qc7+ 37. Kh1 Ra7 38. Qd3 Rxa2 39. e5+ Kh8 40.
Bd6 Qf7 41. Qf3 Qg6 42. Qg4 Qb1+ 43. Kh2 Ra1 44. Qd4 Qf5 45. Qe3 Ra2 46. Qg3
Rd2 47. Qe3 Ra2 48. Bc7 Qg6 49. Qg3 Qc6 50. Bd6 Qe8 51. c4 Qf7 52. Qg4 Rd2 53.
e6 Qf6 54. Bg3 Qb2 55. Bf4 Re2 56. h5 Qc2 57. Bd6 Qd2 58. Ba3 Qe3 59. Bf8 Qe5+
60. Qg3 Qxg3+ 61. Kxg3 Rxe6 62. Bd5 Re5 63. Bf3 Re3 64. Bb4 Rb3 65. Be1 Re3 66.
Kf2 Re5 67. Bc3 Rc5 68. Bd5 Rc8 69. Bd2 b5 70. Ke3 bxc4 71. Kd4 Rf8 72. Bxc4
Rf5 73. Be2 Rf2 74. Ke3 Rf5  1/2-1/2

[Event "1.Bundesliga Frauen 2019/20"]
[Site "Linz, Volkshaus Bindermichl"]
[Date "2019.10.12"]
[Round "2"]
[Board "2"]
[White "Batyte, Daiva"]
[Black "Fuchs, Judith"]
[Result "1/2-1/2"]
[WhiteElo "2138"]
[BlackElo "2216"]
[PlyCount "61"]
[EventDate "2019.10.11"]
[EventType "team"]
[EventRounds "9"]
[EventCountry "AUT"]
[WhiteTeam "SpG Steyr"]
[BlackTeam "Mayrhofen/SK Zell/Zillertal"]

1. c4 e5 2. Nc3 Nc6 3. g3 Nf6 4. Bg2 Bc5 5. e3 a6 6. a3 d6 7. Nge2 O-O 8. O-O
Ba7 9. h3 Ne7 10. d3 c6 11. b4 Be6 12. Bb2 Qd7 13. Kh2 Rad8 14. Qc2 h6 15. Rfd1
Ng6 16. Ne4 Nh7 17. c5 d5 18. Nd2 Rb8 19. f4 exf4 20. Nxf4 Qc7 21. Nf3 Ng5 22.
Qf2 Nxf3+ 23. Qxf3 Nxf4 24. gxf4 Qe7 25. Bd4 Qh4 26. Kg1 Bf5 27. Qf2 Qxf2+ 28.
Kxf2 Rfe8 29. h4 Re6 30. Bf3 Rg6 31. Rg1  1/2-1/2

[Event "1.Bundesliga Frauen 2019/20"]
[Site "Linz, Volkshaus Bindermichl"]
[Date "2019.10.12"]
[Round "2"]
[Board "3"]
[White "Mayrhuber, Nikola"]
[Black "Saler-Grafenberger, Elisabeth"]
[Result "0-1"]
[WhiteElo "2024"]
[BlackElo "1855"]
[PlyCount "102"]
[EventDate "2019.10.11"]
[EventType "team"]
[EventRounds "9"]
[EventCountry "AUT"]
[WhiteTeam "Mayrhofen/SK Zell/Zillertal"]
[BlackTeam "SpG Steyr"]

1. d4 Nf6 2. c4 c5 3. d5 b5 4. Nf3 g6 5. Qc2 bxc4 6. e4 d6 7. Bxc4 Bg7 8. O-O
O-O 9. h3 Ba6 10. Nfd2 Bxc4 11. Nxc4 Nbd7 12. Nc3 a5 13. Na4 Ne8 14. Bf4 Nc7
15. Rad1 Nb5 16. Rfe1 Nd4 17. Qd2 Ra6 18. b3 Nf6 19. Qd3 Ra7 20. Be3 Nd7 21.
Bf4 Nf6 22. Nc3 Nd7 23. Be3 Rb7 24. Qd2 Rb4 25. Bh6 Rxc4 26. bxc4 Ne5 27. Bxg7
Kxg7 28. Ne2 Ndf3+ 29. gxf3 Nxf3+ 30. Kg2 Nxd2 31. Rxd2 Qb8 32. Nf4 Qb4 33.
Rde2 Qxc4 34. Kg3 g5 35. Ng2 Qc3+ 36. Re3 Qe5+ 37. f4 gxf4+ 38. Nxf4 Kh8 39.
Kf3 Rg8 40. R1e2 Rg1 41. Rf2 c4 42. Ra3 Rc1 43. Ne2 Rc2 44. Rxa5 Qh5+ 45. Ke3
Qxh3+ 46. Rf3 Qh6+ 47. Nf4 Rc3+ 48. Kf2 Qh2+ 49. Ng2 Rc2+ 50. Ke3 Qxg2 51. Kf4
Qd2+  0-1

[Event "1.Bundesliga Frauen 2019/20"]
[Site "Linz, Volkshaus Bindermichl"]
[Date "2019.10.12"]
[Round "2"]
[Board "4"]
[White "Nagy, Laura"]
[Black "Konecny, Sophie"]
[Result "1/2-1/2"]
[WhiteElo "1851"]
[BlackElo "1912"]
[PlyCount "109"]
[EventDate "2019.10.11"]
[EventType "team"]
[EventRounds "9"]
[EventCountry "AUT"]
[WhiteTeam "SpG Steyr"]
[BlackTeam "Mayrhofen/SK Zell/Zillertal"]

1. e4 e6 2. d4 d5 3. Nd2 a6 4. Ngf3 Nf6 5. Bd3 c5 6. exd5 exd5 7. dxc5 Bxc5 8.
Nb3 Be7 9. h3 Nc6 10. c3 h6 11. O-O O-O 12. Re1 Bd6 13. Be3 Qc7 14. Qd2 Ne4 15.
Qc2 Bf5 16. Nbd4 Bh7 17. Nxc6 bxc6 18. c4 Nf6 19. Bxh7+ Nxh7 20. cxd5 cxd5 21.
Qxc7 Bxc7 22. Red1 Nf6 23. Rac1 Bd6 24. Nd4 Rfd8 25. Nf5 Bf8 26. Rc6 Ne4 27. f3
Ng5 28. Bc5 Ne6 29. Bxf8 Kxf8 30. Rd6 Rxd6 31. Nxd6 d4 32. Kf2 g6 33. g3 Ke7
34. Nc4 Rc8 35. b3 Rc5 36. f4 g5 37. fxg5 Rf5+ 38. Kg2 hxg5 39. Re1 f6 40. b4
Rd5 41. Kf3 Kf7 42. Ke4 Nc7 43. Rf1 Ke6 44. a4 f5+ 45. Kd3 Rd8 46. Re1+ Kf6 47.
Re5 Nd5 48. b5 axb5 49. axb5 Nb4+ 50. Kd2 Rc8 51. Rxf5+ Ke6 52. Re5+ Kf6 53.
Rf5+ Ke6 54. Re5+ Kf6 55. Rf5+  1/2-1/2

[Event "1.Bundesliga Frauen 2019/20"]
[Site "Linz, Volkshaus Bindermichl"]
[Date "2019.10.13"]
[Round "3"]
[Board "1"]
[White "Richterova, Natasa"]
[Black "Exler, Veronika"]
[Result "1/2-1/2"]
[WhiteElo "2216"]
[BlackElo "2153"]
[PlyCount "114"]
[EventDate "2019.10.11"]
[EventType "team"]
[EventRounds "9"]
[EventCountry "AUT"]
[WhiteTeam "SpG Steyr"]
[BlackTeam "ASVOE Wulkaprodersdorf"]

1. e4 c6 2. d4 d5 3. Nd2 dxe4 4. Nxe4 Bf5 5. Ng3 Bg6 6. Nh3 Nf6 7. Nf4 e5 8.
Nxg6 hxg6 9. dxe5 Qa5+ 10. Bd2 Qxe5+ 11. Qe2 Nbd7 12. Qxe5+ Nxe5 13. Bc3 Neg4
14. h3 Nh6 15. O-O-O Bc5 16. f3 O-O 17. Bc4 b5 18. Bb3 Rad8 19. a3 Be3+ 20. Kb1
c5 21. Rxd8 Rxd8 22. Ba5 Re8 23. c4 Bf4 24. Ne4 Nxe4 25. fxe4 bxc4 26. Bxc4
Rxe4 27. Bd3 Rd4 28. Bc2 Nf5 29. Bc3 Rd8 30. Rf1 Bd2 31. Bxf5 gxf5 32. Kc2 Bxc3
33. Kxc3 g6 34. Rf2 Rd5 35. Re2 f4 36. Kc4 Rg5 37. Kb5 Kg7 38. Ka6 Rg3 39. Rf2
g5 40. Kxa7 Rb3 41. a4 Kg6 42. a5 f5 43. a6 Rb4 44. Ka8 g4 45. hxg4 fxg4 46.
Rc2 c4 47. a7 Kf5 48. Rf2 Ke4 49. Re2+ Kd3 50. Rf2 Ke3 51. Rc2 Kd3 52. Rf2 Ke3
53. Rc2 f3 54. gxf3 gxf3 55. Rc3+ Ke4 56. Rxf3 Kxf3 57. b3 cxb3  1/2-1/2